25 plus grandes villes d'Espagne - Statistiques

Statistiques générales
  • Ce quiz a été pris 287 fois
  • Le résultat moyen est 11 sur 25
Statistiques - réponses
Hint Réponse % Correct
1 731 649 Barcelone
100%
3 506 730 Madrid
100%
689 423 Séville
97%
840 792 Valence
92%
351 124 Bilbao
86%
599 063 Malaga
81%
693 091 Saragosse
65%
233 975 Grenade
62%
358 608 Alicante
50%
323 262 Cordoue
48%
434 786 Palma
46%
479 405 Murcie
45%
294 489 Vigo
45%
302 614 Valladolid
41%
251 543 La Corogne
40%
381 868 Las Palmas
35%
223 968 Oviedo
34%
273 744 Gijon
27%
245 557 Elche
18%
260 699 Vitoria-Gasteiz
7%
220 704 Carthagène
6%
289 510 L'Hospitalet de Llobregat
6%
225 368 Sabadell
6%
231 542 Badalone
5%
233 270 Terrassa
4%
Aucun quiz correspondant
Distribution des résultats
% des personnes avec chaque résultat
Percentile par nombre de réponses
Votre historique - résultats
Vous n’avez pas pris ce quiz